[Event "Bastia CC Winter op 34th"]
[Site "Bastia"]
[Date "2009.01.22"]
[Round "5"]
[White "Bettini, Joseph"]
[Black "Madesclaire, Cesar"]
[Result "1-0"]
[WhiteElo "1099"]
[BlackElo "1230"]
[PlyCount "53"]
[EventDate "2009.01.18"]
[EventType "swiss"]
[EventRounds "7"]
[EventCountry "FRA"]
[SourceTitle "EXT 2010"]
[Source "ChessBase"]
[SourceDate "2010.11.25"]
[SourceVersion "1"]
[SourceVersionDate "2010.11.25"]
[SourceQuality "1"]

1. d4 d5 2. c4 c6 3. e4 e6 4. cxd5 cxd5 5. exd5 exd5 6. Bb5+ Bd7 7. Qe2+ Be7 8. Bxd7+ Qxd7 9. Bg5 Nf6 10. Nf3 0-0 11. Ne5 Qe6 12. Bxf6 Bxf6 13. Nd7 Qxe2+ 14. Kxe2 Nxd7 15. Nc3 Rae8+ 16. Kf3 Bxd4 17. Nxd5 Nb6 18. Nc7 Rc8 19. Nb5 Bxb2 20. Rag1 Rc5 21. Nc7 Rxc7 22. h4 Rfc8 23. Rd1 Rc1 24. Rd2 Rxh1 25. h5 Rc3+ 26. Ke2 Nc4 27. Rd8# 1-0